Polyhydroxyalkanoate (PHA) based blends, composites and nanocomposites / (Record no. 48511)

MARC details
000 -LEADER
fixed length control field 00621nam a2200217Ia 4500
005 - DATE AND TIME OF LATEST TRANSACTION
control field 20260122095518.0
008 - FIXED-LENGTH DATA ELEMENTS--GENERAL INFORMATION
fixed length control field 260121s9999||||xx |||||||||||||| ||und||
020 ## - INTERNATIONAL STANDARD BOOK NUMBER
International Standard Book Number 9781849739467
082 ## - DEWEY DECIMAL CLASSIFICATION NUMBER
Classification number 668.40286
Item number ROY
100 ## - MAIN ENTRY--PERSONAL NAME
Personal name Roy, Ipsita
245 #0 - TITLE STATEMENT
Title Polyhydroxyalkanoate (PHA) based blends, composites and nanocomposites /
260 ## - PUBLICATION, DISTRIBUTION, ETC. (IMPRINT)
Place of publication, distribution, etc United Kingdom :
Name of publisher, distributor, etc RSC Publishing,
Date of publication, distribution, etc 2015.
300 ## - PHYSICAL DESCRIPTION
Extent xv, 231 p.; hb
440 ## - SERIES STATEMENT/ADDED ENTRY--TITLE
Title RSC green chemistry
650 ## - SUBJECT ADDED ENTRY--TOPICAL TERM
Topical term or geographic name as entry element Chemical reactions
650 ## - SUBJECT ADDED ENTRY--TOPICAL TERM
Topical term or geographic name as entry element Nanocomposites
650 ## - SUBJECT ADDED ENTRY--TOPICAL TERM
Topical term or geographic name as entry element Polyhydroxyalkanoates
700 ## - ADDED ENTRY--PERSONAL NAME
Personal name Clark, James
700 ## - ADDED ENTRY--PERSONAL NAME
Personal name Visakh, P. M.
942 ## - ADDED ENTRY ELEMENTS (KOHA)
Koha item type Text Books
Holdings
Date last seen Total Checkouts Full call number Barcode Price effective from Koha item type Lost status Damaged status Not for loan Collection code Withdrawn status Home library Current library Shelving location Date acquired Source of acquisition
22/01/2026   668.40286 ROY 54898 22/01/2026 Text Books       Non-fiction   CUTN Central Library CUTN Central Library Medicine, Technology & Management 22/01/2026 Technical Buearu, New Delhi - Invoice No. - TB4434 on 07-03-2025